000 00655nam a2200205Ia 4500
003 GCL
008 140319s9999 xx 000 0 ara d
040 _aGCL /
_cGCL
082 0 4 _a240
_bا م
100 1 _aابوبكر الجزائرى
245 1 0 _aمنهاج المسلم: كتاب عقائد وأخلاق وأداب وعبادات ومعاملات /
_cابوبكر الجزائرى
260 _a[S.N] :
_bدار احياء الكتب العربية
300 _a487 ص
490 _a
650 0 4 _aالعقائد الاسلامية
650 0 4 _aالعقائد
650 0 4 _aالعبادات
650 0 4 _aالاخلاق
942 _2ddc
_cBK
999 _c59063
_d59063